[Event "Aktobe Dvorkovich op-A"]
[Site "Aktobe"]
[Date "2025.06.29"]
[Round "8"]
[White "Davtyan, Artur"]
[Black "Daneshvar, Bardiya"]
[Result "1/2-1/2"]
[WhiteElo "2472"]
[BlackElo "2640"]
[PlyCount "50"]
[EventDate "2025.06.22"]
[EventType "swiss"]
[EventRounds "9"]
[EventCountry "KAZ"]
[SourceTitle "CB27_2025"]
[SourceDate "2025.07.02"]
[SourceVersion "1"]
[SourceVersionDate "2025.07.02"]
[SourceQuality "1"]

1. e4 c6 2. d4 d5 3. e5 Bf5 4. Nf3 e6 5. Be2 c5 6. Be3 Nd7 7. 0-0 Ne7 8. dxc5 Nc6 9. Nd4 Nxd4 10. Bxd4 Bxc5 11. Bxc5 Nxc5 12. Qd4 Qb6 13. Nc3 Nd7 14. Qxb6 axb6 15. Bd3 Bxd3 16. cxd3 Ke7 17. d4 Rhc8 18. Rfd1 Rc4 19. a3 Rac8 20. Rd2 Nb8 21. Rad1 Na6 22. Kf1 Nc7 23. Kg1 Na6 24. Kf1 Nc7 25. Kg1 Na6 1/2-1/2

[Event "Aktobe Dvorkovich op-A"]
[Site "Aktobe"]
[Date "2025.06.22"]
[Round "1"]
[White "Valiyev, Shahin"]
[Black "Daneshvar, Bardiya"]
[Result "1-0"]
[WhiteElo "2421"]
[BlackElo "2640"]
[PlyCount "107"]
[EventDate "2025.06.22"]
[EventType "swiss"]
[EventRounds "9"]
[EventCountry "KAZ"]
[SourceTitle "CB27_2025"]
[SourceDate "2025.07.02"]
[SourceVersion "1"]
[SourceVersionDate "2025.07.02"]
[SourceQuality "1"]

1. e4 c5 2. Nf3 d6 3. d4 cxd4 4. Nxd4 Nf6 5. Nc3 a6 6. h3 e5 7. Nde2 h5 8. g3 Be7 9. Bg2 b5 10. Nd5 Nbd7 11. Nec3 Bb7 12. Nxe7 Qxe7 13. Bg5 Qe6 14. 0-0 Rc8 15. Bxf6 Nxf6 16. a4 b4 17. Nd5 Bxd5 18. exd5 Qd7 19. Qd3 a5 20. Rfc1 h4 21. g4 0-0 22. c3 Rb8 23. Qa6 Ra8 24. Qc6 bxc3 25. Rxc3 Qd8 26. Rac1 e4 27. Re3 Qe7 28. Rc4 Qe5 29. Bxe4 Qxb2 30. Qxd6 Rad8 31. Qc5 Qd2 32. Bf3 Qa2 33. Re2 Qb3 34. Kg2 Rb8 35. d6 Qb1 36. Rd4 Rfd8 37. Qc2 Qb6 38. Qd3 Qc5 39. Rd2 Nd7 40. Rd5 Qb4 41. Qd4 Nf8 42. Qxb4 axb4 43. a5 Ne6 44. Kh2 b3 45. Rb2 Rb4 46. Bd1 Rdb8 47. a6 Kf8 48. Ra5 Nd4 49. a7 Ra8 50. Rc5 Ra4 51. Bxb3 R4xa7 52. Bd5 Re8 53. Rc7 Ra5 54. Rxf7+ 1-0

[Event "Asia-ch Blitz"]
[Site "Al Ain"]
[Date "2025.05.10"]
[Round "1"]
[White "Manon, Reja Neer"]
[Black "Daneshvar, Bardiya"]
[Result "0-1"]
[WhiteElo "2403"]
[BlackElo "2621"]
[PlyCount "62"]
[EventDate "2025.05.10"]
[EventType "swiss (blitz)"]
[EventRounds "9"]
[EventCountry "UAE"]
[SourceTitle "CB20_2025"]
[SourceDate "2025.05.14"]
[SourceVersion "1"]
[SourceVersionDate "2025.05.14"]
[SourceQuality "1"]

1. e4 c5 2. Nf3 d6 3. d4 cxd4 4. Nxd4 Nf6 5. Nc3 a6 6. h3 g6 7. Be3 Bg7 8. g4 b5 9. Bg2 Bb7 10. Qe2 Nbd7 11. 0-0-0 Nb6 12. g5 Nfd7 13. Nd5 Nc4 14. Kb1 e6 15. Nb4 Nxe3 16. Qxe3 Qb6 17. c3 a5 18. Nbc2 Ke7 19. f4 b4 20. f5 Be5 21. f6+ Kd8 22. c4 Ba6 23. Bf1 Rc8 24. b3 Kc7 25. Nf3 Qxe3 26. Nxe3 Bf4 27. Ng2 Bg3 28. h4 Nc5 29. Bd3 Bb7 30. Bc2 Nxe4 31. Kb2 Nf2 0-1

[Event "Asia-ch"]
[Site "Al Ain"]
[Date "2025.05.08"]
[Round "2"]
[White "Pingin, Artem"]
[Black "Daneshvar, Bardiya"]
[Result "0-1"]
[WhiteElo "2464"]
[BlackElo "2621"]
[PlyCount "210"]
[EventDate "2025.05.07"]
[EventType "swiss"]
[EventRounds "9"]
[EventCountry "UAE"]
[SourceTitle "CB21_2025"]
[SourceDate "2025.05.21"]
[SourceVersion "1"]
[SourceVersionDate "2025.05.21"]
[SourceQuality "1"]

1. e4 c5 2. Nf3 d6 3. d4 cxd4 4. Nxd4 Nf6 5. Nc3 a6 6. Bc4 e6 7. Be3 Qc7 8. Bb3 Nbd7 9. g4 Nc5 10. f3 b5 11. a3 Nxb3 12. cxb3 Bb7 13. Qe2 Rc8 14. g5 Nh5 15. b4 g6 16. 0-0-0 Bg7 17. Kb1 0-0 18. Rc1 Qe7 19. Nb3 f6 20. gxf6 Qxf6 21. Rhf1 Qf7 22. Qd2 Rfd8 23. Bb6 Re8 24. Na5 d5 25. Nxb7 Qxb7 26. Bd4 Bxd4 27. Qxd4 Rc4 28. Qe5 d4 29. Ne2 d3 30. Ng3 Nxg3 31. hxg3 Rxc1+ 32. Rxc1 d2 33. Rd1 Qd7 34. Qc3 Rd8 35. Ka1 Kf7 36. g4 Qd4 37. Qc7+ Rd7 38. Qf4+ Kg7 39. g5 Rd6 40. Qh2 Kg8 41. Qe2 Rd8 42. Kb1 Rd7 43. Kc2 Rc7+ 44. Kb1 Rc1+ 45. Rxc1 dxc1Q+ 46. Kxc1 Qg1+ 47. Kc2 Qxg5 48. Qh2 h5 49. f4 Qe7 50. Kb1 Qd6 51. Ka2 Kf7 52. Qf2 Qc7 53. Kb1 Kg8 54. Qh4 Qf7 55. Ka1 Kg7 56. Qg3 Qf6 57. Ka2 Kh6 58. Qh2 Qd4 59. Qh4 Qg7 60. Qd8 Kh7 61. Qg5 Qf7 62. Ka1 Kg7 63. Qg3 Qf6 64. Ka2 Kh7 65. Qh2 h4 66. e5 Qd8 67. Qh3 Kg7 68. Ka1 Kf7 69. Qg4 Qh8 70. Qf3 Qc8 71. Qh1 Qd8 72. Qb7+ Kg8 73. Qxa6 Qd1+ 74. Ka2 Qd5+ 75. Ka1 Qh1+ 76. Ka2 Qd5+ 77. Ka1 g5 78. Qc8+ Kg7 79. Qc7+ Kg6 80. Qc2+ Kh6 81. fxg5+ Kxg5 82. Qc1+ Kh5 83. Qf4 Qd1+ 84. Ka2 Qd5+ 85. Ka1 h3 86. Qf7+ Kg4 87. Qg6+ Kf3 88. Qh5+ Kg2 89. Qg4+ Kh2 90. Qf4+ Kg1 91. Qe3+ Kg2 92. Qg5+ Kf1 93. Qf4+ Ke2 94. Qg4+ Qf3 95. Qh4 Qg2 96. Qh5+ Kd2 97. Qh6+ Kc2 98. Qh7+ Kc1 99. Qb1+ Kd2 100. b3 Qc6 101. Qb2+ Ke3 102. Qb1 Qc3+ 103. Ka2 Qd2+ 104. Ka1 h2 105. a4 Kf2 0-1

[Event "Erbil zt 3.1"]
[Site "Erbil"]
[Date "2025.04.15"]
[Round "9"]
[White "Aryan, Ali Ehsan"]
[Black "Daneshvar, Bardiya"]
[Result "0-1"]
[WhiteElo "2091"]
[BlackElo "2616"]
[PlyCount "102"]
[EventDate "2025.04.08"]
[EventType "swiss"]
[EventRounds "9"]
[EventCountry "IRQ"]
[SourceTitle "CB16_2025"]
[SourceDate "2025.04.16"]
[SourceVersion "1"]
[SourceVersionDate "2025.04.16"]
[SourceQuality "1"]

1. e4 c5 2. Nf3 d6 3. d4 cxd4 4. Nxd4 Nf6 5. Nc3 a6 6. g3 e6 7. Bg2 Be7 8. 0-0 0-0 9. Be3 Qc7 10. g4 h6 11. f4 Nc6 12. g5 hxg5 13. fxg5 Nd7 14. g6 Nde5 15. gxf7+ Rxf7 16. Rxf7 Nxf7 17. Qh5 Nce5 18. Bh3 Qc4 19. Rd1 Bd7 20. Qe2 Bg5 21. Bf2 Qc8 22. a4 Qe8 23. b3 Rc8 24. Nb1 Ng6 25. Bg3 Nf4 26. Bxf4 Bxf4 27. c4 Be5 28. Nf3 Bf6 29. Nbd2 Qe7 30. Bg4 Nh6 31. Bh3 Nf7 32. Bg4 Rf8 33. Bh3 Ne5 34. Rf1 Ng6 35. Qe3 Bb2 36. Rb1 Qf6 37. Bg4 Bc3 38. Rf1 Bb4 39. Kh1 Bc5 40. Qg5 Ne5 41. Qxf6 gxf6 42. Bh3 Kf7 43. Nxe5+ dxe5 44. Nf3 Ke7 45. Bg2 Rg8 46. h3 Bc6 47. Nh4 Be3 48. Bf3 Rg3 49. Bg2 Bf4 50. Rb1 Bg5 51. Ng6+ Kf7 0-1

[Event "Erbil zt 3.1"]
[Site "Erbil"]
[Date "2025.04.13"]
[Round "7"]
[White "Daneshvar, Bardiya"]
[Black "Atakhan, Abtin"]
[Result "1-0"]
[WhiteElo "2616"]
[BlackElo "2418"]
[PlyCount "81"]
[EventDate "2025.04.08"]
[EventType "swiss"]
[EventRounds "9"]
[EventCountry "IRQ"]
[SourceTitle "CB16_2025"]
[SourceDate "2025.04.16"]
[SourceVersion "1"]
[SourceVersionDate "2025.04.16"]
[SourceQuality "1"]

1. e4 c5 2. Nc3 a6 3. Nf3 d6 4. g3 b5 5. d4 cxd4 6. Nxd4 Bb7 7. Bg2 Nf6 8. 0-0 e5 9. Nf5 g6 10. Ne3 Nbd7 11. a4 b4 12. Ncd5 a5 13. c3 Nxd5 14. Nxd5 bxc3 15. bxc3 Bg7 16. Ba3 Nc5 17. Rb1 Bc6 18. Bxc5 dxc5 19. Qc2 0-0 20. Rfd1 Bxd5 21. Rxd5 Qc7 22. Bf1 c4 23. Rbb5 Rfc8 24. Qd2 Bf8 25. Rxe5 Rcb8 26. Red5 Rxb5 27. Rxb5 Rd8 28. Rd5 Rxd5 29. Qxd5 Bg7 30. Qa8+ Bf8 31. Qe8 Kg7 32. Qb5 Be7 33. Bxc4 Bf6 34. Qb3 g5 35. Bd5 Bxc3 36. Bxf7 Bd4 37. Bh5 Qc1+ 38. Kg2 Qe1 39. Qf7+ Kh6 40. Qe6+ Kxh5 41. g4+ 1-0

[Event "Erbil zt 3.1"]
[Site "Erbil"]
[Date "2025.04.11"]
[Round "5"]
[White "Daneshvar, Bardiya"]
[Black "Nezad, Husein Aziz"]
[Result "1-0"]
[WhiteElo "2616"]
[BlackElo "2315"]
[PlyCount "103"]
[EventDate "2025.04.08"]
[EventType "swiss"]
[EventRounds "9"]
[EventCountry "IRQ"]
[SourceTitle "CB16_2025"]
[SourceDate "2025.04.16"]
[SourceVersion "1"]
[SourceVersionDate "2025.04.16"]
[SourceQuality "1"]

1. e4 e5 2. Nf3 Nc6 3. Bb5 a6 4. Ba4 Nf6 5. 0-0 d6 6. Re1 Bd7 7. c3 g6 8. d4 Bg7 9. h3 0-0 10. Bc2 Nh5 11. a4 Qe8 12. a5 f5 13. Nbd2 Kh8 14. dxe5 dxe5 15. Nb3 Rd8 16. Qe2 f4 17. Nc5 Bc8 18. b4 g5 19. Nh2 Nf6 20. g4 h5 21. f3 Na7 22. Bb2 Nb5 23. Rad1 Qe7 24. Bd3 Nd6 25. Qc2 Kh7 26. Bf1 Rh8 27. c4 Kg6 28. Bxe5 Qxe5 29. Nd3 Qd4+ 30. Nf2 Qe5 31. Rd5 Nxd5 32. exd5+ Kf7 33. Rxe5 Bxe5 34. c5 Nb5 35. gxh5 Rxh5 36. Nhg4 Bg7 37. Bc4 Na3 38. d6+ Nxc4 39. dxc7 Rd4 40. Ne4 Be5 41. Qxc4+ Rxc4 42. Nxe5+ Ke7 43. Nxc4 Rxh3 44. Kg2 g4 45. fxg4 Bxg4 46. Ne5 Rb3 47. Nxg4 Kd7 48. Ngf6+ Kxc7 49. Nc3 Kc6 50. Nfd5 Rxb4 51. Nxb4+ Kxc5 52. Nbd5 1-0

[Event "Erbil zt 3.1"]
[Site "Erbil"]
[Date "2025.04.09"]
[Round "2"]
[White "Ahmed, Jaza Jamal"]
[Black "Daneshvar, Bardiya"]
[Result "0-1"]
[WhiteElo "2087"]
[BlackElo "2616"]
[PlyCount "94"]
[EventDate "2025.04.08"]
[EventType "swiss"]
[EventRounds "9"]
[EventCountry "IRQ"]
[SourceTitle "CB16_2025"]
[SourceDate "2025.04.16"]
[SourceVersion "1"]
[SourceVersionDate "2025.04.16"]
[SourceQuality "1"]

1. c4 g6 2. Nc3 Bg7 3. g3 e5 4. Bg2 Nc6 5. e4 d6 6. Nge2 h5 7. h3 Be6 8. d3 Qd7 9. Be3 Nd4 10. Qd2 Ne7 11. Nd5 Nxe2 12. Qxe2 Nc6 13. Bg5 Nd4 14. Qd2 Bxd5 15. cxd5 c6 16. Be3 cxd5 17. Bxd4 exd4 18. exd5 h4 19. g4 Qe7+ 20. Qe2 Be5 21. Qe4 Rf8 22. Bf3 Qg5 23. Kf1 0-0-0 24. Qe1 Kb8 25. Rc1 f5 26. Kg2 fxg4 27. Bxg4 Bf4 28. Rc4 Qxd5+ 29. Qe4 Qxe4+ 30. dxe4 d3 31. Rd4 d2 32. Rd1 Rde8 33. Be2 d5 34. Bf3 dxe4 35. Bxe4 g5 36. a4 a6 37. b3 Re7 38. b4 Ka7 39. b5 axb5 40. axb5 Kb6 41. Bf3 Rf5 42. Rd5 Rxd5 43. Bxd5 Re1 44. Bf3 Kxb5 45. Bg4 Kb4 46. Bh5 Kc3 47. Bg4 Kc2 0-1

[Event "Titled Tuesday intern op 01st Apr Early"]
[Site "Chess.com INT"]
[Date "2025.04.01"]
[Round "4"]
[White "Daneshvar, Bardiya"]
[Black "Kvaloy, Aksel Bu"]
[Result "1-0"]
[WhiteElo "2609"]
[BlackElo "2489"]
[PlyCount "123"]
[EventDate "2025.04.01"]
[EventType "swiss (blitz)"]
[EventRounds "11"]
[EventCountry "USA"]
[SourceTitle "CB15_2025"]
[SourceDate "2025.04.09"]
[SourceVersion "1"]
[SourceVersionDate "2025.04.09"]
[SourceQuality "1"]

1. b3 e6 2. Bb2 d5 3. Nf3 Nf6 4. g3 Bd6 5. Bg2 0-0 6. 0-0 b6 7. c4 Bb7 8. Nc3 a6 9. cxd5 exd5 10. Rc1 Nbd7 11. e3 Re8 12. Ne2 Qe7 13. Ned4 g6 14. Nc6 Bxc6 15. Rxc6 Ne5 16. Nxe5 Bxe5 17. Qa1 Bxb2 18. Qxb2 Ne4 19. Rfc1 Nc5 20. Qa3 Rad8 21. d4 Qd7 22. Rf6 Ne6 23. Bh3 Kg7 24. Bxe6 fxe6 25. Rf4 a5 26. b4 axb4 27. Qxb4 g5 28. Rf3 Qe7 29. Qb5 Ra8 30. a4 Ra5 31. Qc6 Rf8 32. Qxc7 Qxc7 33. Rxc7+ Kg8 34. Rxf8+ Kxf8 35. Rc6 Kf7 36. Rxb6 Rxa4 37. Rb7+ Kg6 38. g4 h6 39. h3 Ra2 40. Kg2 Rc2 41. Kg3 Rc1 42. Re7 Kf6 43. Ra7 Rg1+ 44. Kh2 Rb1 45. Kg2 Rb2 46. Ra1 Rc2 47. Kg3 Rb2 48. Rh1 Kg6 49. h4 gxh4+ 50. Rxh4 Rb1 51. Rh5 Rg1+ 52. Kf4 Rf1 53. f3 Re1 54. Rh2 Kf6 55. Rxh6+ Kf7 56. g5 Rg1 57. Rf6+ Ke7 58. e4 dxe4 59. fxe4 Rf1+ 60. Ke5 Rg1 61. Rxe6+ Kd7 62. g6 1-0

[Event "Titled Tuesday intern op 01st Apr Early"]
[Site "Chess.com INT"]
[Date "2025.04.01"]
[Round "8"]
[White "Daneshvar, Bardiya"]
[Black "Sarana, Alexey"]
[Result "0-1"]
[WhiteElo "2609"]
[BlackElo "2689"]
[PlyCount "124"]
[EventDate "2025.04.01"]
[EventType "swiss (blitz)"]
[EventRounds "11"]
[EventCountry "USA"]
[SourceTitle "CB15_2025"]
[SourceDate "2025.04.09"]
[SourceVersion "1"]
[SourceVersionDate "2025.04.09"]
[SourceQuality "1"]

1. d4 Nf6 2. c4 e6 3. Nc3 Bb4 4. Qc2 d5 5. cxd5 exd5 6. Bg5 h6 7. Bh4 Nc6 8. e3 g5 9. Bg3 Ne4 10. Bd3 Bf5 11. Nge2 h5 12. 0-0 Nxg3 13. Nxg3 Bxd3 14. Qxd3 Qd7 15. Nf5 0-0-0 16. Rac1 Kb8 17. a3 Bxc3 18. Rxc3 Na5 19. Rfc1 c6 20. b3 h4 21. Rc5 b6 22. R5c2 Rhe8 23. f3 f6 24. Kf2 Rc8 25. b4 Nc4 26. Rxc4 dxc4 27. Rxc4 Red8 28. e4 Qe6 29. a4 Kb7 30. Rc2 Rc7 31. Qc3 Rdd7 32. h3 Kb8 33. a5 Kb7 34. Qd3 Kb8 35. axb6 axb6 36. Qa6 Rb7 37. Ra2 Qb3 38. Qa8+ Kc7 39. Ra7 Qb2+ 40. Kg1 Qc1+ 41. Kh2 Qf4+ 42. Kh1 Qc1+ 43. Kh2 Qf4+ 44. Kg1 Rxa7 45. Qxa7+ Kc8 46. Qa6+ Rb7 47. Qa8+ Qb8 48. Qa2 Qf4 49. Qg8+ Kc7 50. Qf7+ Kb8 51. Qxf6 Ka7 52. Qe6 Rc7 53. Qa2+ Kb7 54. Qc2 Rd7 55. b5 cxb5 56. Qb2 Rc7 57. d5 Qc1+ 58. Qxc1 Rxc1+ 59. Kf2 b4 60. e5 b3 61. e6 b2 62. e7 b1Q 0-1

[Event "Titled Tuesday intern op 01st Apr Early"]
[Site "Chess.com INT"]
[Date "2025.04.01"]
[Round "2"]
[White "Moldagali, Beksultan"]
[Black "Daneshvar, Bardiya"]
[Result "0-1"]
[WhiteElo "2398"]
[BlackElo "2609"]
[PlyCount "116"]
[EventDate "2025.04.01"]
[EventType "swiss (blitz)"]
[EventRounds "11"]
[EventCountry "USA"]
[SourceTitle "CB15_2025"]
[SourceDate "2025.04.09"]
[SourceVersion "1"]
[SourceVersionDate "2025.04.09"]
[SourceQuality "1"]

1. e4 e6 2. d4 b6 3. Nf3 Bb7 4. Bd3 Nc6 5. c3 g6 6. 0-0 Bg7 7. Bg5 Nge7 8. e5 h6 9. Bf4 d6 10. Qe2 Qd7 11. Nbd2 dxe5 12. Nxe5 Nxe5 13. Bxe5 Bxe5 14. Qxe5 0-0-0 15. Be4 Qd6 16. Bxb7+ Kxb7 17. Nc4 Qxe5 18. Nxe5 Rhf8 19. Rfe1 c6 20. a4 Nf5 21. a5 b5 22. Nd3 a6 23. Nc5+ Ka7 24. Re2 Rd5 25. h3 g5 26. Rf1 Rg8 27. g4 Nd6 28. f4 gxf4 29. Rxf4 h5 30. Re5 hxg4 31. hxg4 Rg7 32. b3 Nb7 33. Rxd5 cxd5 34. Nxb7 Kxb7 35. Kf2 Kc6 36. b4 Kd6 37. Kg3 Ke7 38. Rf1 f5 39. Rf4 Kf6 40. Kf3 Rc7 41. gxf5 exf5 42. Rh4 Kg5 43. Rh8 Rxc3+ 44. Ke2 Kf4 45. Rh4+ Kg3 46. Rh6 f4 47. Rg6+ Kh3 48. Rxa6 Kg4 49. Rg6+ Kf5 50. Rb6 Ke4 51. Rxb5 f3+ 52. Kf2 Rc2+ 53. Kg1 Ke3 54. Rxd5 Rc1+ 55. Kh2 f2 56. Rf5 f1Q 57. Rxf1 Rxf1 58. a6 Kxd4 0-1

[Event "Tashkent Agzamov Memorial 18th"]
[Site "Tashkent"]
[Date "2025.03.29"]
[Round "10"]
[White "Daneshvar, Bardiya"]
[Black "Ganerdene, Sugar"]
[Result "1-0"]
[WhiteElo "2609"]
[BlackElo "2459"]
[PlyCount "83"]
[EventDate "2025.03.20"]
[EventType "swiss"]
[EventRounds "10"]
[EventCountry "UZB"]
[SourceTitle "CB14_2025"]
[SourceDate "2024.11.01"]
[SourceVersion "1"]
[SourceVersionDate "2024.11.01"]
[SourceQuality "1"]

1. e4 c5 2. Nf3 d6 3. d4 cxd4 4. Nxd4 Nf6 5. Nc3 Nc6 6. Bc4 Bd7 7. Be3 Rc8 8. Bb3 Na5 9. f3 a6 10. g4 e5 11. Nde2 Be6 12. g5 Nh5 13. Qd2 Be7 14. Ng3 Nxb3 15. axb3 Nf4 16. Bxf4 exf4 17. Nh5 g6 18. Ng7+ Kd7 19. e5 Rc5 20. exd6 Re5+ 21. Ne4 Bxg5 22. Nxe6 Bh4+ 23. Kf1 Kxe6 24. b4 b6 25. Qxf4 f5 26. Nc3 g5 27. Qc4+ Kf6 28. f4 Re6 29. fxg5+ Bxg5 30. h4 Bh6 31. Nd5+ Kf7 32. Nc7 Qxd6 33. Qxe6+ Qxe6 34. Nxe6 Kxe6 35. Rxa6 Be3 36. Rh3 f4 37. Ke2 Kd5 38. Rxe3 fxe3 39. Rxb6 Re8 40. Rh6 Re7 41. b5 Kc5 42. b6 1-0

[Event "Tashkent Agzamov Memorial 18th"]
[Site "Tashkent"]
[Date "2025.03.28"]
[Round "9"]
[White "Abdilkhair, Abilmansur"]
[Black "Daneshvar, Bardiya"]
[Result "0-1"]
[WhiteElo "2408"]
[BlackElo "2609"]
[PlyCount "170"]
[EventDate "2025.03.20"]
[EventType "swiss"]
[EventRounds "10"]
[EventCountry "UZB"]
[SourceTitle "CB14_2025"]
[SourceDate "2024.11.01"]
[SourceVersion "1"]
[SourceVersionDate "2024.11.01"]
[SourceQuality "1"]

1. e4 e5 2. Nf3 Nc6 3. d4 exd4 4. Nxd4 Bc5 5. Nxc6 Qf6 6. Qf3 Qxf3 7. gxf3 bxc6 8. Be3 Bxe3 9. fxe3 d6 10. Rg1 g6 11. Bd3 Nf6 12. h4 Be6 13. Nc3 Ke7 14. f4 h5 15. Rg5 Ng4 16. Kd2 a5 17. a4 Rhg8 18. f5 Bd7 19. Rf1 Ne5 20. f6+ Kd8 21. Ne2 c5 22. b3 Re8 23. Nf4 Rb8 24. Nd5 c6 25. Ne7 Kc7 26. Kc3 Rf8 27. Be2 Be6 28. Rd1 Rb4 29. Bd3 Rfb8 30. Rxe5 dxe5 31. Rg1 Re8 32. Rg2 Rd8 33. Rg1 Rbb8 34. Rg5 Kd6 35. Rg2 Rd7 36. Rd2 Kc7 37. Rg2 Bg4 38. Rf2 Rd6 39. Bc4 Be6 40. Bd3 Rd7 41. Rg2 Rb4 42. Rg1 Bg4 43. Rf1 Rb8 44. Rf2 Rd6 45. Bc4 Kd7 46. Bd3 Be6 47. Rf1 Ke8 48. Rg1 Bh3 49. Nf5 Rxf6 50. Rg3 Bg4 51. Nh6 Be6 52. Nf5 Kd7 53. Rg5 Kc7 54. Ng3 Kd6 55. Nf1 Rf3 56. Be2 Rh3 57. Kd3 Rxh4 58. Nd2 Rd8 59. Kc3 Rh3 60. Nf3 Re8 61. Rg1 Bg4 62. Ng5 Rxe3+ 63. Bd3 Ke7 64. Kd2 Rxd3+ 65. cxd3 f6 66. Rc1 fxg5 67. Rxc5 Kd6 68. Rxa5 h4 69. Ra7 h3 70. Rh7 Bh5 71. Rf7 h2 72. Rf1 g4 73. b4 g3 74. d4 g2 75. Rf6+ Ke7 76. Rxc6 g1Q 77. d5 Qd4+ 78. Kc2 Qxe4+ 79. Kb2 Qxd5 80. b5 h1R 81. Rc7+ Kd8 82. b6 Rh2+ 83. Ka3 Ra2+ 84. Kb4 Rb2+ 85. Ka3 Qb3# 0-1

[Event "Moscow Aeroflot op-A"]
[Site "Moscow"]
[Date "2025.03.03"]
[Round "5"]
[White "Daneshvar, Bardiya"]
[Black "Nepomniachtchi, Ian"]
[Result "1/2-1/2"]
[WhiteElo "2609"]
[BlackElo "2753"]
[PlyCount "82"]
[EventDate "2025.03.01"]
[EventType "swiss"]
[EventRounds "9"]
[EventCountry "RUS"]
[SourceTitle "CB11_2025"]
[SourceDate "2025.03.12"]
[SourceVersion "1"]
[SourceVersionDate "2025.03.12"]
[SourceQuality "1"]

1. c4 e5 2. d3 Nf6 3. Nf3 Nc6 4. a3 d5 5. cxd5 Nxd5 6. e4 Nb6 7. Be2 Be7 8. 0-0 0-0 9. Be3 Qd6 10. Nbd2 Nd4 11. Bxd4 exd4 12. Rc1 c5 13. a4 Be6 14. Re1 Nd7 15. Nc4 Qa6 16. b3 Rad8 17. Nfd2 Nb8 18. Na3 Bg5 19. Rb1 Bxd2 20. Qxd2 Nc6 21. Nc4 Rb8 22. Rec1 b6 23. f4 f6 24. Bf3 Qc8 25. Re1 Qc7 26. Re2 a6 27. e5 Bxc4 28. bxc4 fxe5 29. Bxc6 Qxc6 30. fxe5 Rbe8 31. a5 b5 32. cxb5 axb5 33. e6 Rxe6 34. Rxe6 Qxe6 35. Rxb5 c4 36. dxc4 d3 37. Rb1 Qe4 38. a6 Qxc4 39. a7 Qc5+ 40. Kh1 Qxa7 41. Qxd3 h6 1/2-1/2

[Event "Moscow Aeroflot op-A"]
[Site "Moscow"]
[Date "2025.03.02"]
[Round "2"]
[White "Zverev, Lev"]
[Black "Daneshvar, Bardiya"]
[Result "0-1"]
[WhiteElo "2425"]
[BlackElo "2609"]
[PlyCount "72"]
[EventDate "2025.03.01"]
[EventType "swiss"]
[EventRounds "9"]
[EventCountry "RUS"]
[SourceTitle "CB11_2025"]
[SourceDate "2025.03.12"]
[SourceVersion "1"]
[SourceVersionDate "2025.03.12"]
[SourceQuality "1"]

1. e4 c5 2. Nf3 Nc6 3. d4 cxd4 4. Nxd4 g6 5. Nc3 Bg7 6. Be3 Nf6 7. Bc4 d6 8. f3 Qb6 9. Bb5 Qc7 10. Qd2 a6 11. Be2 0-0 12. 0-0 Ne5 13. Rad1 b5 14. Bh6 Bb7 15. Bxg7 Kxg7 16. f4 Ned7 17. Bf3 e5 18. fxe5 dxe5 19. Nb3 b4 20. Ne2 Bxe4 21. Bxe4 Qb6+ 22. Kh1 Nxe4 23. Qe1 Rad8 24. Nf4 Nef6 25. Nd5 Nxd5 26. Rxd5 Rfe8 27. Qg3 Nf6 28. Rxd8 Qxd8 29. Qe3 Qd6 30. h3 Rc8 31. Qf2 Rc7 32. Re1 Nh5 33. Nc1 a5 34. Kg1 f5 35. Qe2 Qd4+ 36. Kh2 Nf4 0-1

[Event "Moscow Aeroflot op-A"]
[Site "Moscow"]
[Date "2025.03.01"]
[Round "1"]
[White "Daneshvar, Bardiya"]
[Black "Gilfanov, Marat I"]
[Result "1-0"]
[WhiteElo "2609"]
[BlackElo "2376"]
[PlyCount "140"]
[EventDate "2025.03.01"]
[EventType "swiss"]
[EventRounds "9"]
[EventCountry "RUS"]
[SourceTitle "CB11_2025"]
[SourceDate "2025.03.12"]
[SourceVersion "1"]
[SourceVersionDate "2025.03.12"]
[SourceQuality "1"]

1. d4 d5 2. c4 e6 3. Nf3 Nf6 4. Nc3 a6 5. cxd5 exd5 6. Bg5 Be6 7. e3 Nbd7 8. Bd3 c6 9. 0-0 Bd6 10. Bh4 Qc7 11. Rc1 0-0 12. h3 h6 13. Qe1 Rfe8 14. Nd2 g5 15. Bg3 Bxg3 16. fxg3 Qd6 17. Qf2 c5 18. dxc5 Nxc5 19. Bb1 Ncd7 20. Rcd1 g4 21. h4 Qe5 22. Nb3 Nh5 23. Kh2 Ndf6 24. Nc5 Rac8 25. Nd3 Qc7 26. Nf4 Nxf4 27. exf4 Qc5 28. Qd2 Bd7 29. f5 Re3 30. Nxd5 Nxd5 31. Qxd5 Qxd5 32. Rxd5 Bc6 33. Rd2 f6 34. h5 Rce8 35. Rff2 Kf8 36. Bc2 R8e5 37. Bd1 R3e4 38. Rd8+ Be8 39. Rb8 Rd5 40. Bc2 Re1 41. Rxb7 Rb5 42. Rxb5 axb5 43. Bd3 Rd1 44. Bf1 Rd5 45. Kg1 Bxh5 46. Be2 Re5 47. a3 Ke7 48. Kf1 Kd6 49. Rf4 Rc5 50. Rd4+ Kc6 51. Bxg4 Bxg4 52. Rxg4 Rc1+ 53. Kf2 Rc2+ 54. Kf3 Rxb2 55. Rg6 Kd5 56. g4 Ke5 57. Kg3 Rb3+ 58. Kh4 Rxa3 59. Rxh6 b4 60. g5 fxg5+ 61. Kg4 b3 62. Rb6 Ra2 63. g3 b2 64. Kxg5 Kd4 65. f6 Kc4 66. f7 Ra5+ 67. Kh6 Ra6 68. Rxa6 b1Q 69. f8Q Qh1+ 70. Kg7 Kd5 1-0

[Event "Chessable Masters Play In"]
[Site "Chess.com INT"]
[Date "2025.02.17"]
[Round "1"]
[White "Daneshvar, Bardiya"]
[Black "Onyshchuk, Volodymyr"]
[Result "1-0"]
[WhiteElo "2604"]
[BlackElo "2610"]
[PlyCount "103"]
[EventDate "2025.02.17"]
[EventType "swiss (blitz)"]
[EventRounds "9"]
[EventCountry "USA"]
[SourceTitle "CB08_2025"]
[SourceDate "2025.02.19"]
[SourceVersion "1"]
[SourceVersionDate "2025.02.19"]
[SourceQuality "1"]

1. d4 d6 2. Nf3 g6 3. c4 Bg7 4. Nc3 e5 5. dxe5 dxe5 6. Qxd8+ Kxd8 7. g3 Be6 8. Ng5 Bxc4 9. b3 Be6 10. Nxe6+ fxe6 11. Bh3 Nc6 12. Ba3 Nd4 13. 0-0-0 Kc8 14. e3 Nf5 15. g4 Nh4 16. g5 Nf5 17. Rd2 e4 18. Rhd1 Ngh6 19. Nxe4 Nf7 20. Rd7 Ne5 21. Bxf5 exf5 22. Rxg7 fxe4 23. Rd5 Nd3+ 24. Kb1 b6 25. f3 Kb7 26. fxe4 Nf2 27. e5 Ne4 28. Rdd7 Rac8 29. Bd6 Nxg5 30. Bxc7 Ne6 31. Bd6+ Kc6 32. Rge7 Rhf8 33. Rxa7 Rf1+ 34. Kb2 Rf2+ 35. Kc3 Kd5+ 36. Kb4 Ng5 37. h4 Ne4 38. Rxh7 Rcc2 39. Rhd7 Rxa2 40. Bb8+ Ke6 41. Re7+ Kd5 42. Rad7+ Kc6 43. Rc7+ Kd5 44. Kb5 Rfb2 45. Rcd7+ Nd6+ 46. Rxd6+ Ke4 47. b4 Rb3 48. Rxb6 Kf3 49. Bd6 Ke2 50. Bc5 Rd3 51. e6 Ra8 52. Rd7 1-0

[Event "Tashkent Al Beruniy-B 2nd"]
[Site "Tashkent"]
[Date "2025.02.10"]
[Round "8"]
[White "Daneshvar, Bardiya"]
[Black "Begmuratov, Khumoyun"]
[Result "1-0"]
[WhiteElo "2604"]
[BlackElo "2409"]
[PlyCount "163"]
[EventDate "2025.02.03"]
[EventType "tourn"]
[EventRounds "9"]
[EventCountry "UZB"]
[EventCategory "12"]
[SourceTitle "CB07_2025"]
[SourceDate "2025.02.12"]
[SourceVersion "1"]
[SourceVersionDate "2025.02.12"]
[SourceQuality "1"]

1. c4 e6 2. Nc3 d5 3. d4 Nf6 4. cxd5 exd5 5. Bg5 Be7 6. e3 h6 7. Bh4 Bg4 8. Qc2 0-0 9. h3 Be6 10. Nf3 Ne8 11. Bg3 Bd6 12. Bd3 Bxg3 13. fxg3 Nd6 14. 0-0 Nc6 15. a3 Ne7 16. g4 f5 17. g5 hxg5 18. Nxg5 Bd7 19. Qf2 Nf7 20. Nf3 c6 21. Ne2 Ng6 22. Rae1 Ng5 23. Nf4 Nxf3+ 24. Qxf3 Qg5 25. Nxg6 Qxg6 26. Qf4 Rae8 27. Rf3 Qh6 28. Qxh6 gxh6 29. Ref1 Rf7 30. Kf2 Rfe7 31. b4 Rf8 32. Ke2 Ref7 33. Kd2 Kg7 34. R1f2 Rf6 35. Kc3 R8f7 36. Rf4 Rf8 37. Kd2 R8f7 38. Ke1 Rf8 39. Rb2 Re8 40. Kf2 Ref8 41. Rf3 R8f7 42. Kg3 Rg6+ 43. Kf4 Re7 44. Rff2 h5 45. g3 Kh6 46. Rg2 Rge6 47. Rbe2 Re8 48. Kf3 Rf6 49. Rg1 Kg5 50. a4 Rfe6 51. Ra1 a6 52. Rc1 R8e7 53. h4+ Kh6 54. Kf2 Rg6 55. Rce1 Reg7 56. Rg1 Rg8 57. Rc2 R8g7 58. Be2 Rg8 59. Bf3 Rd6 60. Rc5 Ra8 61. Be2 Re6 62. Rc3 Rg6 63. Rb3 b5 64. Ra1 Rag8 65. axb5 axb5 66. Ra7 R8g7 67. Rba3 Re6 68. Rc7 Kg6 69. Ra8 Ree7 70. Rd8 Rh7 71. Bd3 Ref7 72. Kf3 Kf6 73. Kf4 Rhg7 74. Be2 Ke6 75. Bxh5 Re7 76. Ra7 Kf6 77. Rf8+ Ke6 78. Rxf5 Kd6 79. Rf6+ Be6 80. Rxe7 Kxe7 81. Ke5 Bd7 82. Bg6 1-0